000 01302nam a2200265Ia 4500
003 OSt
005 20200929133133.0
008 191128s1996 ck a gr 000 0 spa d
020 _a9580427151
040 _aCO-JMCR
_cCO-JMCR
041 0 _aspa
082 0 4 _a614.5993 /
_bJ541q
_223
100 1 _aJennings, Chris, 1954-,
_eautor
_910967
245 1 0 _aQué es el Sida y cómo prevenirlo /
_cChris Jennings; traductor Adriana de Hassan
260 _aBogotá :
_bNorma,
_c1996.
300 _a81 páginas :
_bilustraciones en blanco y negro ;
_c22 cm.
505 0 _aUn virus : el invasor -- El ser humano : el hospedante -- Tipos de infecciones producidas por el VIH (Sida) -- Cómo se contrae y se transmite el Sida -- Cómo prevenir el Sida -- Cómo detectar el Sida -- La esperanza de una vacuna
520 0 _aEl libro presenta el tema sin tapujos… una obra excelente, actualizada y fácil de leer los adolescentes y el público en general. Su sitio debe estar en las bibliotecas escolares.
650 2 4 _aSíndrome de inmunodeficiencia adquirida
_xPrevención
_910968
650 2 4 _aSíndrome de inmunodeficiencia adquirida
_910969
650 2 4 _aObras de divulgación
_910970
650 2 4 _aPromoción de la salud
_910971
700 1 _aHassan de, Adriana,
_etraductora
_910972
942 _2ddc
_cBK
999 _c3400
_d3400